The state and nuclear power

Gorde:
Xehetasun bibliografikoak
Egile nagusia: Camilleri, J. A.
Formatua: Liburua
Hizkuntza:Undetermined
Argitaratua: England Harvester Press 1984
Gaiak:
Etiketak: Etiketa erantsi
Etiketarik gabe, Izan zaitez lehena erregistro honi etiketa jartzen!
Thư viện lưu trữ: Trung tâm Học liệu Trường Đại học Cần Thơ
LEADER 00474nam a2200181Ia 4500
001 CTU_81466
008 210402s9999 xx 000 0 und d
082 |a 338.4 
082 |b C183 
100 |a Camilleri, J. A. 
245 4 |a The state and nuclear power 
245 0 |c J. A. Camilleri 
260 |a England 
260 |b Harvester Press 
260 |c 1984 
650 |a Nuclear energy 
904 |i Trọng Hải 
980 |a Trung tâm Học liệu Trường Đại học Cần Thơ